000 00479nam a2200169Ia 4500
005 20250424120337.0
008 250424s9999 xx 000 0 und d
022 _a0189160
050 _aR 11 .W47/
245 0 _aWest african journal of medicine
260 _aIbadan, Nigeria
260 _bWest African college of physicians & The west african college of surgeons
260 _c2020
300 _avi, 56 p. :ill. ; 30 cm.
650 _aMedicine--Periodicals.
942 _cSR
999 _c38775
_d38775